Statistiken für Formel 1 Fahrer 2022

Klicken Sie hier um das Quiz zu spielen!

Allgemein

  • Dieses Quiz wurde 3.102 mal gespielt
    (2.466 seit der letzten Aktualisierung)
  • Das Durchschnittsergebnis liegt bei 17 aus 20

Antwortstatistiken

TeamsDrivers% Korrekt
MercedesLewis Hamilton
99%
Red BullMax Verstappen
98%
FerrariCarlos Sainz jr.
94%
FerrariCharles Leclerc
94%
McLarenLando Norris
94%
Red BullSergio Pérez
94%
Aston MartinSebastian Vettel
92%
AlpineFernando Alonso
89%
HaasMick Schumacher
88%
Alfa RomeoValtteri Bottas
87%
AlphatauriPierre Gasly
86%
Aston MartinLance Stroll
85%
AlpineEsteban Ocon
83%
HaasKevin Magnussen
82%
MercedesGeorge Russell
81%
AlphatauriYuri Tsunoda
81%
McLarenDaniel Ricciardo
80%
WilliamsAlex Albon
77%
Alfa RomeoGuanyo Zhou
77%
WilliamsNicolas Latifi
75%

Verteilung der Resultate

Perzentil nach korrekt beantworteten Fragen

Anzahl Personen mit jedem Resultat

Ihre Resultats-Entwicklung

Sie haben dieses Quiz seit der letzten Aktualisierung nicht gespielt